| 000 | 00615nam a2200145 a 4500 | ||
|---|---|---|---|
| 008 | 121123s1957 ||||||||||||||||| || u | ||
| 050 | _aJX 1981FRY | ||
| 100 | _aFrye, William R | ||
| 245 | 1 | 2 | _aA United Nations peace force |
| 260 |
_aNew York: _bOceana Publications _c1957 |
||
| 300 | _axii.299p.: ill. | ||
| 650 | _aUNITED NATIONS--ARMED FORCES | ||
| 710 | _aCarnergie Endowment for International Peace | ||
| 995 |
_aSPECIAL COLLECTIONS _D0.00 _e500379 _FCBU-DAG HAMMARSKJOLD INSTITUTE LIBRARY _I0.00 _jDAG JX 1981 FRY _M1 _UAVAILABLE _WJan 8, 2013 _XDag Hammarskjold Institute for Peace Studies _y500379 _ZDHIPS Book Collection |
||
| 999 |
_c532 _d532 |
||